Lavado de dinero : doctrina y práctica sobre la prevención e investigación de operaciones sospechosas /
Guardado en:
| Autor Principal: | |
|---|---|
| Otros Autores: | |
| Formato: | Libro |
| Idioma: | Spanish |
| Publicado: |
Buenos Aires :
Lexis Nexis,
2006.
|
| Edición: | 1a. ed. |
| Materias: | |
| Etiquetas: |
Agregar Etiqueta
Sin Etiquetas, Sea el primero en etiquetar este registro!
|
| LEADER | 00634nam a22001695a 4500 | ||
|---|---|---|---|
| 001 | DER.der003742 | ||
| 008 | 180615s2006####|||||||||||||||||#||spa|| | ||
| 005 | 20250807171500.0 | ||
| 245 | 1 | 0 | |a Lavado de dinero : |b doctrina y práctica sobre la prevención e investigación de operaciones sospechosas / |c Héctor D. Pérez Lamela ; prólogo de Eduardo A. Barreira Delfino. |
| 250 | |a 1a. ed. | ||
| 260 | |a Buenos Aires : |b Lexis Nexis, |c 2006. | ||
| 300 | |a 575 p. | ||
| 020 | |a 9875921068 | ||
| 100 | 1 | |a Pérez Lamela, Héctor D. | |
| 700 | 1 | |a Barreira Delfino, Eduardo A., |e prol. | |
| 650 | 7 | |a DERECHO PENAL | |
| 859 | |a DERECHO |b BIB. DERECHO |h 345 |i PER |p 005328 | ||
